000 01469nam a2200277 a 4500
001 000045119
003 OSt
005 20210505151705.0
008 150203s2012 dr abc 000 0 spa d
040 _aDO-SdBNP
_bspa
_cBNPHU
082 4 _a306.097293
_bC153v
_222
245 1 0 _aCalidad de vida :
_bestudio socioeconómico de hogares modelo de categorización optimizado.
246 1 0 _aCalidad de vida : estudio socioeconómico de hogares en República Dominicana
260 _aSanto Domingo :
_bSIUBEN,
_c2012.
300 _a326 p. :
_bil., mapas, retrs. ;
_c28 cm.
500 _aIncluye referencias bibliográficas y notas al pie de las páginas.
504 _aBibliografía : p. 326
505 0 _aIntroducción --
_tContexto operativo del SIUBEN --
_tFolización de la política social --
_tEl índice de calidad de vida (ICV). Instrumento para la categorización y focalización de los hogares --
_tAspectos metodológicos del estudio socioeconómico de hogares --
_tEstudio socioeconómico de hogares 2012: Principales resultados --
_tReflexiones finales.
590 _aInventariado, 2019/MFF
650 4 _aCalidad vida
_973134
651 4 _aRepública Dominicana
_xPoblación
_xAspectos Económicos
_935343
651 4 _aRepública Dominicana
_xPoblación
_xAspectos Sociales
_973135
710 2 _aRepública Dominicana.
_bVicepresidencia de la República
_bSistema Único de Beneficiarios
_973136
910 _aValidado. Control de calidad MFF
942 _2ddc
_cLBS1
999 _c44608
_d44608